[Event "SVK-chT9596"]
[Site "?"]
[Date "1996.??.??"]
[Round "6"]
[White "Bednar, Jaromir"]
[Black "Minich, Peter"]
[Result "1/2-1/2"]
[WhiteElo "2235"]
[BlackElo "2230"]

1.e4 c6 2.d4 g6 3.Nc3 Bg7 4.Nf3 d6 5.h3 Nf6 6.Bd3 Qc7 7.Bf4 Nbd7 8.O-O e5
9.Be3 O-O 10.a4 d5 11.dxe5 Nxe4 12.Bxe4 dxe4 13.Nxe4 Nxe5 14.Bf4 Bf5 15.Re1 Rad8
16.Qe2 Bxe4 17.Qxe4 Nxf3+ 18.Qxf3 Qb6 19.Rab1 Rfe8 20.b3 Qb4 21.Red1 Rxd1+
22.Rxd1 Re1+ 23.Rxe1 Qxe1+ 24.Kh2 Be5 25.Qg3 Bd4 26.Bh6 Be5 27.f4 Qxg3+ 28.Kxg3 Bd6
29.Kf3 f5 30.c4 Kf7 31.g4 Ke6 32.Bg7 a6 33.g5 b5 34.Bd4 Ba3 35.Be5 Bc5 36.Bc3 Be7
37.Ke2  1/2-1/2

[Event "SVK-chT9596"]
[Site "?"]
[Date "1996.??.??"]
[Round "10"]
[White "Blazkova, Petra"]
[Black "Betko, Lubomir"]
[Result "1-0"]
[WhiteElo "2180"]
[BlackElo "2195"]

1.e4 g6 2.d4 c6 3.Nc3 Bg7 4.Nf3 d6 5.a4 Bg4 6.Be2 Nd7 7.O-O Qc7 8.Be3 Ngf6
9.Qd2 O-O 10.Bh6 e5 11.Bxg7 Kxg7 12.Rad1 Rfe8 13.Rfe1 Nf8 14.h3 Bxf3 15.Bxf3 Ne6
16.Ne2 Rad8 17.g3 h6 18.Bg2 exd4 19.Nxd4 Nc5 20.Qf4 Nxa4 21.Ra1 b5 22.b3 Nc5
23.b4 Ne6 24.Nxe6+ Rxe6 25.Ra5 Rd7 26.Rea1 Qb6 27.c3 Rde7 28.Ra6 Qc7 29.Rxa7 Qxa7
30.Rxa7 Rxa7 31.Qe3 Ra3 32.Qd4 Kh7 33.Bf3 h5 34.g4 hxg4 35.Bxg4 Nxg4 36.hxg4 Ra1+
37.Kg2 Re1 38.f3 Rc1 39.Qa7 Kg7 40.Qb6 d5 41.exd5 Re2+ 42.Kg3 cxd5 43.Qd4+ Kg8
44.Qxd5 Rxc3 45.Qxb5 Ree3 46.Qd5 Rb3 47.b5 Rb1 48.Qd8+ Kh7 49.Qf8 Reb3 50.Qxf7+ Kh8
51.Qxg6 Rxb5 52.Qe4 Rg1+ 53.Kf4 Rgb1 54.Qd4+ Kh7 55.Kg3 Kg6 56.Qe4+ Kg7 57.f4 Rb8
58.f5 R8b6 59.Kh4 R1b4 60.Qe7+ Kh6 61.Qf8+ Kh7 62.f6 Rb7 63.f7 Rb8 64.Qxb4 Rxb4
65.f8=Q  1-0

[Event "SVK-chT9596"]
[Site "?"]
[Date "1996.??.??"]
[Round "14"]
[White "Bednar, Jaromir"]
[Black "Petran, Peter"]
[Result "1/2-1/2"]
[WhiteElo "2235"]
[BlackElo "2325"]

1.e4 g6 2.d4 Bg7 3.Nc3 c6 4.f4 d5 5.Nf3 Bg4 6.e5 h5 7.h3 Bxf3 8.Qxf3 e6 9.Be3 h4
10.Bd3 Nh6 11.g4 hxg3 12.Qxg3 Bf8 13.O-O-O Na6 14.a3 Qa5 15.h4 O-O-O 16.Nb1 c5
17.dxc5 Nxc5 18.Bxc5 Qxc5 19.b4 Qb6 20.c3 Be7 21.Nd2 Kb8 22.Nf3 a5 23.Qg1 Qxg1
24.Rdxg1 d4 25.cxd4 axb4 26.axb4 Bxb4 27.h5 Rc8+ 28.Kd1 gxh5 29.Rxh5 Bf8
30.Rgh1 Kc7 31.Ke2 Ra8 32.Ng5 Ra2+ 33.Kf3 Ra3 34.Ke4 Bg7 35.R5h3 Ng4 36.Rxh8 Bxh8
37.Rxh8 Nf2+ 38.Kf3 Nxd3 39.Nxf7 Nxe5+ 40.Ke4 Nxf7 41.Rh7 Kd6 42.Rxf7 Rb3
43.Rf6 Rb1 44.f5 Re1+ 45.Kd3  1/2-1/2

[Event "Tampere Elo Taraus op"]
[Site "Tampere"]
[Date "1996.??.??"]
[Round "7"]
[White "Hokkanen, Petri"]
[Black "Karner, Hillar"]
[Result "1/2-1/2"]
[WhiteElo "2260"]
[BlackElo "2315"]

1.e4 g6 2.d4 Bg7 3.Nc3 c6 4.f4 d5 5.e5 b6 6.Be3 Na6 7.Qd2 Nc7 8.O-O-O h5
9.g3 h4 10.gxh4 Bg4 11.Be2 Qd7 12.h5 Bxh5 13.Bxh5 Rxh5 14.Nce2 Rh8 15.Nf3 Nh6
16.Ng5 Nf5 17.Ng3 Nh4 18.Rhf1 e6 19.Kb1 Bf8 20.Bf2 Be7 21.Qe2 a5 22.Qg4 Nf5
23.Rh1 Bxg5 24.fxg5 O-O-O 25.Ne2 Ne8 26.h4 Neg7 27.Rd3 Kb7 28.Be1 Ra8 29.a4 Nh5
30.Rb3 Kc7 31.Rhh3 Qe7 32.Bf2 Rab8 33.Be1 Kd7 34.Qf3 Qd8 35.Qd3 Qc8 36.Bf2 Nhg7
37.Nf4 Ke7 38.Ka2 Qd7 39.Qa6 Qb7 40.Qe2 Nh5 41.Nd3 Qa6 42.Rc3 c5 43.dxc5 d4
44.Rb3 bxc5 45.Rxb8 Rxb8 46.Nc1 Qc6 47.Rb3 Qxa4+ 48.Kb1 Rxb3 49.Nxb3 c4 50.Nxd4 Nxd4
51.Bxd4 Qc6 52.Qf2 Kf8 53.Bc5+ Kg8 54.Qd4 Ng7 55.Qd8+ Kh7 56.Be7 c3 57.bxc3 Qb5+
58.Ka1 Qa4+ 59.Kb2 Qb5+ 60.Ka1 Qa4+  1/2-1/2

[Event "GEO-ch"]
[Site "Tbilisi"]
[Date "1996.??.??"]
[Round "?"]
[White "Dgebuadze, Alexandre"]
[Black "Sichinava, Roman"]
[Result "0-1"]
[WhiteElo "2470"]
[BlackElo "2445"]

1.e4 g6 2.Nc3 Bg7 3.d4 c6 4.Bc4 d6 5.Qf3 e6 6.Nge2 Nd7 7.Bf4 Qe7 8.h4 Ngf6
9.O-O-O e5 10.Bg5 h6 11.Bxf6 Nxf6 12.dxe5 dxe5 13.Bb3 O-O 14.Qe3 b5 15.f3 h5
16.Kb1 a5 17.a4 b4 18.Na2 Ba6 19.g4 Qa7 20.Qxa7 Rxa7 21.Ng3 hxg4 22.fxg4 Nxg4
23.Rd6 Kh7 24.h5 g5 25.Rxc6 Nh6 26.Nc1 Rd8 27.Rc5 Bc8 28.Nd3 f6 29.Rc6 Bg4
30.Nc5 Bf8 31.Ne6 Re8 32.Rf1 Be7 33.Rd1 Rb8 34.Rc1 Nf7 35.c4 Bxe6 36.Rxe6 Nd8
37.Rxe7+ Rxe7 38.Nf5 Rc7 39.Nd6 Rb6 40.c5 Rxc5 41.Rxc5 Rxd6 42.Rxa5 g4 43.Rc5 g3
44.Rc1 f5 45.Re1 Kh6 46.exf5 g2 47.Bc2 Rd5 48.Rg1 Kxh5 49.Rxg2 Nc6 50.f6 Rd7
51.Rg7 Rd6 52.a5 Nxa5 53.Ra7 Nc6 54.f7 Rf6 55.Rc7 Nd8 56.Bb3 Kg6  0-1

[Event "Tel Aviv ASA"]
[Site "Tel Aviv"]
[Date "1996.??.??"]
[Round "1"]
[White "Kogan, Artur"]
[Black "Kanstler, Boris"]
[Result "1/2-1/2"]
[WhiteElo "2475"]
[BlackElo "2455"]

1.e4 g6 2.d4 Bg7 3.Nc3 c6 4.Nf3 d6 5.Bg5 Qb6 6.Qd2 Qxb2 7.Rb1 Qa3 8.Bc4 Nd7
9.O-O Nb6 10.Bb3 Nf6 11.e5 dxe5 12.dxe5 Nfd5 13.Ne4 O-O 14.c4 Bf5 15.Rfe1 Nc7
16.Nh4 Bxe4 17.Rxe4 Ne6 18.Nf3 Rad8 19.Qe3 Rd7 20.c5 Nd5 21.Bxd5 Qxe3 22.Bxe3 Rxd5
23.g4 Rd7 24.Reb4 Nd8 25.Kg2 f6 26.e6 Nxe6 27.Rxb7 Rfd8 28.Rxd7 Rxd7 29.Rb8+ Kf7
30.Rc8 Rd3 31.Rxc6 Ra3 32.Rc8 Rxa2 33.c6 a5 34.Nd4 Nxd4 35.Bxd4 f5 36.Bb6 Be5
37.gxf5 gxf5 38.c7 Rc2 39.Bxa5 Ke6 40.h4 Rc5  1/2-1/2

[Event "Tel Aviv Cup rapid"]
[Site "Tel Aviv"]
[Date "1996.??.??"]
[Round "1"]
[White "Gershon, Alik"]
[Black "Kanstler, Boris"]
[Result "0-1"]
[WhiteElo "2255"]
[BlackElo "2475"]

1.e4 g6 2.d4 Bg7 3.Nc3 c6 4.Nf3 d6 5.h3 Nf6 6.Bd3 O-O 7.O-O Qa5 8.Bg5 e5
9.dxe5 dxe5 10.Qd2 Nbd7 11.Nd5 Qd8 12.Nxf6+ Bxf6 13.Bh6 Bg7 14.Bxg7 Kxg7
15.Qc3 Qe7 16.Rad1 Re8 17.Bc4 Nc5 18.Rfe1 Na4 19.Qb3 b5 20.Bf1 Be6 21.c4 f6
22.Qc2 a6 23.b3 Nc5 24.b4 Na4 25.c5 Red8 26.Bd3 Qf7 27.Re2 a5 28.bxa5 Rxa5
29.Red2 b4 30.Bc4 Rxd2 31.Nxd2 Nc3 32.Bxe6 Qxe6 33.Qb3 Qxb3 34.Nxb3 Rxa2
35.Rd7+ Kh6 36.Rb7 Nb5 37.Rb6 Ra3 38.Nd2 Rd3 39.Nc4 Rc3 40.Nd6 Rxc5 41.Nf7+ Kg7
42.Rb7 Kf8 43.Nd8 b3 44.Nxc6  0-1

[Event "Tel Aviv ASA"]
[Site "Tel Aviv"]
[Date "1996.??.??"]
[Round "7"]
[White "Uritzky, Maxim"]
[Black "Kanstler, Boris"]
[Result "0-1"]
[WhiteElo "2420"]
[BlackElo "2455"]

1.e4 g6 2.d4 Bg7 3.Nc3 c6 4.Bc4 d6 5.Qf3 e6 6.Nge2 Nd7 7.Bb3 Ngf6 8.g4 O-O
9.g5 Nh5 10.Ng3 Nxg3 11.hxg3 Bxd4 12.g4 Re8 13.Bf4 Be5 14.O-O-O Qe7 15.Kb1 Bxf4
16.Qxf4 e5 17.Qd2 Nf8 18.f3 Be6 19.Bxe6 Nxe6 20.Rxh7 Nxg5 21.Rhh1 Kg7 22.Ne2 Rad8
23.Qe3 d5 24.exd5 cxd5 25.Nc1 d4 26.Qd2 Qf6 27.Nd3 Nxf3 28.Qh6+ Kg8 29.Nf2 e4
30.g5 Qg7 31.Ng4 Qxh6 32.Nf6+ Kf8 33.gxh6 e3 34.Nxe8 Rxe8 35.Kc1 e2 36.Rde1 Kg8
37.h7+ Kh8 38.a4 f5 39.a5 f4 40.a6 bxa6  0-1

[Event "Ubeda op"]
[Site "Ubeda"]
[Date "1996.??.??"]
[Round "?"]
[White "Magem Badals, Jorge"]
[Black "Ivanov, Mikhail M"]
[Result "1/2-1/2"]
[WhiteElo "2565"]
[BlackElo "2375"]

1.e4 g6 2.d4 Bg7 3.Nc3 c6 4.h3 d6 5.a4 Nf6 6.Nge2 e5 7.dxe5 dxe5 8.Qxd8+ Kxd8
9.Ng1 Re8 10.Nf3 h6 11.Be3 Nh7 12.Bc4 Be6 13.Bxe6 Rxe6 14.Nd2 Na6 15.Ke2 Nf6
16.a5 Nh5 17.Rhd1 Re8 18.Nc4+ Kc7 19.Kf3 f5 20.g4 fxe4+ 21.Nxe4 Rf8+ 22.Kg2 Nf4+
23.Kg3 Nd5  1/2-1/2

[Event "Paks GM"]
[Site "Ungarn"]
[Date "1996.??.??"]
[Round "?"]
[White "Weteschnik, Martin"]
[Black "Petronic, Jovan"]
[Result "1/2-1/2"]
[WhiteElo "2020"]
[BlackElo "2435"]

1.e4 g6 2.d4 Bg7 3.Nc3 c6 4.Bc4 d6 5.Qf3 e6 6.Nge2 b5 7.Bb3 a5 8.a3 Ba6 9.Be3 d5
10.O-O b4 11.axb4 axb4 12.exd5 cxd5 13.Ba4+ Nd7 14.Na2 Bxe2 15.Bxd7+ Qxd7
16.Qxe2 b3 17.Nb4 Rc8 18.c3 Ne7 19.Qd1 O-O 20.Qxb3 Qb5 21.Qa4 Qc4 22.Qa6 Qc7
23.Qa7 Qd8 24.Bg5 Rc7 25.Qb6 Qd7 26.Bf4 Rb7 27.Qd6 Qb5 28.Rfd1 Nf5 29.Qa6 Qxa6
30.Rxa6 Nxd4 31.cxd4 Rxb4 32.Bd6 Rxb2 33.Bxf8 Kxf8 34.Ra8+ Ke7 35.Ra7+ Kf8
36.h4 Bf6 37.h5 gxh5 38.Rd3 Kg7 39.Rg3+ Kf8 40.Rf3 Kg7 41.Rg3+ Kf8 42.Ra8+ Ke7
43.Ra7+ Kf8  1/2-1/2

[Event "Paks GM"]
[Site "Ungarn"]
[Date "1996.??.??"]
[Round "?"]
[White "Palkovi, Jozsef"]
[Black "Csom, Istvan"]
[Result "1-0"]
[WhiteElo "2480"]
[BlackElo "2430"]

1.e4 c6 2.d4 g6 3.Nc3 Bg7 4.h3 Na6 5.g3 d5 6.Nge2 dxe4 7.Nxe4 Bf5 8.Bg2 Bxe4
9.Bxe4 e5 10.c3 exd4 11.Nxd4 Nf6 12.Bg2 Qe7+ 13.Be3 O-O 14.O-O Nd5 15.Bxd5 cxd5
16.Ne2 Rfd8 17.Re1 Nc5 18.Nf4 Qd6 19.Bd4 Bh6 20.Be5 Qc6 21.Qf3 Bxf4 22.gxf4 Re8
23.f5 Ne4 24.Bd4 Qc8 25.Kh1 b6 26.Rg1 Nd6 27.fxg6 fxg6 28.Qxd5+ Qe6 29.Qg2 Qf5
30.Rae1 Re4 31.Re3 Rae8 32.Rf3 Qh5 33.Rg3 Rh4 34.Kh2 Nf7 35.Qc6 Rf8 36.Qf6 Ne5
37.Qe6+ Rf7 38.Bxe5 Re4 39.Qe8+ Rf8 40.Qe6+ Rf7 41.Qe8+ Rf8 42.Rxg6+ hxg6
43.Rxg6+ Kh7 44.Rg7+  1-0

[Event "CZE-ch U20"]
[Site "Usti nad Labem"]
[Date "1996.??.??"]
[Round "7"]
[White "Sluka, Radek"]
[Black "Kacirek, Petr"]
[Result "0-1"]
[WhiteElo "2320"]
[BlackElo "2275"]

1.e4 g6 2.d4 Bg7 3.Nc3 c6 4.Nf3 d5 5.h3 Nh6 6.Be2 f6 7.O-O Nf7 8.Re1 O-O
9.Bf1 b6 10.b4 a6 11.Bb2 Bb7 12.h4 e5 13.g3 h6 14.dxe5 fxe5 15.Bd3 d4 16.Nb1 Nd6
17.Nbd2 a5 18.bxa5 Rxa5 19.c3 c5 20.cxd4 cxd4 21.Nc4 Nxc4 22.Bxc4+ Kh8 23.Nd2 Qf6
24.Qe2 Nd7 25.Nb3 Raa8 26.Rf1 Qf3 27.Qxf3 Rxf3 28.Nd2 Rff8 29.f3 Nc5 30.Kg2 Rfc8
31.Rfb1 Ra4 32.Bb5 Ra7 33.a4 Rca8 34.Rc1 Nxa4 35.Rxa4 Rxa4 36.Bxa4 Rxa4 37.Rc2 Ra2
38.Nb3 Ra8 39.Nc1 Rc8 40.Rxc8+ Bxc8 41.Ba3 Ba6 42.Kf2 Kg8 43.Bd6 Bc4 44.Ke1 Kf7
45.Kd2 Ke6 46.Bc7 b5 47.Nd3 Bxd3 48.Kxd3 h5 49.Ba5 Bh6 50.Bc7 Bf8 51.Ba5 Bh6
52.Bc7 Be3 53.Bd8 Bf2 54.g4 Bg3 55.Bg5 Bh2 56.Bh6 Bg3 57.Bg5 Kd6 58.Bf6 Bf4
59.Bd8 Kd7 60.Bf6 Ke6 61.Bd8 Kd6 62.Ba5 Kc5 63.Bd8 b4 64.Bf6 Kb5 65.Be7 Ka4
66.gxh5 gxh5 67.Kc4 b3 68.Kd3 Bc1 69.Bg5 Bxg5 70.hxg5 Ka3 71.g6 b2  0-1

[Event "Vienna op"]
[Site "Vienna"]
[Date "1996.??.??"]
[Round "1"]
[White "Brendel, Oliver"]
[Black "Beim, Valery"]
[Result "0-1"]
[WhiteElo "2420"]
[BlackElo "2570"]

1.e4 g6 2.d4 Bg7 3.Nc3 c6 4.Bc4 d6 5.Qf3 e6 6.Nge2 Nf6 7.Bg5 h6 8.Bh4 Nbd7
9.Bb3 a5 10.a4 Qe7 11.Nc1 e5 12.dxe5 Nxe5 13.Qe2 g5 14.Bg3 h5 15.h4 gxh4
16.Bxh4 Ng6 17.Bg5 Qe5 18.Bd2 Nf4 19.Qf3 Bh6 20.g3 Ne6 21.Bxh6 Rxh6 22.Nd3 Qg5
23.Bxe6 Bxe6 24.Qf4 Qxf4 25.Nxf4 Bg4 26.Kd2 Bf3 27.Rh4 O-O-O 28.Ke3 Bxe4
29.Nxe4 Re8 30.Nxh5 Nxe4 31.Rxe4 Rxe4+ 32.Kxe4 Rxh5 33.Rd1 Kd7 34.Rd2 Ke6
35.f4 f5+ 36.Kf3 Rh1 37.b3 Rf1+ 38.Kg2 Rc1 39.Kf3 b5 40.axb5 cxb5 41.g4 Rf1+
42.Ke2 Rxf4 43.gxf5+ Rxf5 44.c4 a4 45.bxa4 bxc4 46.Rc2 Kd5 47.a5 Rh5 48.Ke3 Rh3+
49.Kf4 Ra3  0-1

[Event "Vienna op"]
[Site "Vienna"]
[Date "1996.??.??"]
[Round "2"]
[White "Ftacnik, Lubomir"]
[Black "Schneider, B."]
[Result "1-0"]
[WhiteElo "2610"]
[BlackElo "2420"]

1.d4 g6 2.e4 Bg7 3.Nc3 c6 4.Bc4 d5 5.exd5 b5 6.Bb3 b4 7.Nce2 cxd5 8.a3 bxa3
9.Rxa3 Nf6 10.Nf3 O-O 11.Ne5 Bb7 12.O-O Nbd7 13.Bf4 Nxe5 14.Bxe5 Ne4 15.Bxg7 Kxg7
16.Nf4 e6 17.Qe2 Qf6 18.Qe3 Rfb8 19.Rfa1 a6 20.Nd3 Bc8 21.Ne5 Nd6 22.Ng4 Nf5
23.Nxf6 Nxe3 24.Ne8+ Kf8 25.Nc7 Ra7 26.Nxa6 Rxa6 27.fxe3 Rxa3 28.Rxa3 Bd7
29.Ra7 Ke8 30.Kf2 g5 31.Ke1 h5 32.g3 Bb5 33.Kd2 Kf8 34.Ba2 Bf1 35.Kc1 h4
36.b3 Rc8 37.Ra4 Ke7 38.c4 Kf6 39.Kd2 hxg3 40.hxg3 Rh8 41.cxd5 exd5 42.b4 Rh2+
43.Kc3 Re2 44.b5 Rxe3+ 45.Kb4 Re8 46.b6 Ke6 47.b7  1-0

[Event "Carl Schlechter mem"]
[Site "Vienna"]
[Date "1996.??.??"]
[Round "5"]
[White "Dirr, Ulrich"]
[Black "Eisterer, Heinrich"]
[Result "1-0"]
[WhiteElo "2260"]
[BlackElo "2340"]

1.e4 g6 2.d4 Bg7 3.Nc3 c6 4.Be3 d6 5.Nf3 b5 6.Bd3 Nd7 7.O-O Ngf6 8.Qd2 Ng4
9.Bg5 h6 10.Bh4 Qc7 11.h3 Ngf6 12.Rfe1 e5 13.dxe5 dxe5 14.a4 b4 15.Nd1 a5
16.Ne3 Nh5 17.Nc4 Nb6 18.Qe3 Nxc4 19.Bxc4 O-O 20.Rad1 Re8 21.Rd2 g5 22.Bg3 Kh7
23.Red1 f6 24.Qb3 Nxg3 25.fxg3 Bf8 26.g4 Bc5+ 27.Kh1 Qe7 28.Nh2 Ra7 29.Qf3 Kg7
30.Nf1 Rd7 31.Rxd7 Bxd7 32.Ng3 Bc8 33.Nh5+ Kg6 34.Rf1 Rf8 35.Qb3 Qd6 36.Bg8 Qd8
37.Be6 Be7 38.Ng3 Ba6 39.Nh5 Kh7 40.Bc4 Bxc4 41.Qxc4 Qd7 42.Rf3 Kg6 43.Rd3 Qc8
44.Ng3 Rf7 45.Nf5 Bf8 46.b3 Qe8 47.g3 Kh7 48.Kg2 Rc7 49.Qa6 Qf7 50.Qxa5 c5
51.Ne3 c4 52.bxc4 Rxc4 53.Nxc4 Qxc4 54.Qd5 Qxc2+ 55.Rd2 Qxa4 56.Ra2 Qe8 57.Ra7+ Kh8
58.Kf3 h5 59.Qf7 Qxf7 60.Rxf7 Bc5 61.gxh5 Kg8 62.Rb7  1-0

[Event "Siembra Villa Ballester op"]
[Site "Villa Ballester"]
[Date "1996.??.??"]
[Round "2"]
[White "Felgaer, Ruben"]
[Black "Fulgenzi, Ernesto"]
[Result "1-0"]
[WhiteElo "2235"]
[BlackElo "2325"]

1.e4 g6 2.d4 Bg7 3.Nc3 c6 4.f4 d5 5.e5 h5 6.Nf3 Bg4 7.Bd3 e6 8.Be3 Nh6 9.Bf2 Nf5
10.h3 Bxf3 11.Qxf3 h4 12.O-O Nd7 13.Ne2 Bf8 14.b3 b5 15.c4 bxc4 16.bxc4 Be7
17.Rab1 Rb8 18.Rxb8 Qxb8 19.Rb1 Qc7 20.Rc1 Qb7 21.Rb1 Qc7 22.Nc3 Kf8 23.Rc1 dxc4
24.Bxc4 Kg7 25.Bd3 Nb8 26.Be4 Rd8 27.Ne2 Qa5 28.Rc2 Qa4 29.Qb3 Qxb3 30.axb3 Rc8
31.Rc4 Rc7 32.Nc1 Rb7 33.Bxf5 exf5 34.Be1 Kf8 35.b4 Rb6 36.Nb3 Na6 37.Nc5 Nxc5
38.dxc5 Rb7 39.Kf1 Ke8 40.Rd4 Rd7 41.Rxd7 Kxd7 42.Ke2 Ke6 43.Kd3 Kd5 44.Bf2 a6
45.Be1 Bd8 46.Bd2 g5 47.Be3 Be7 48.Bd2 g4 49.Be3 Bd8 50.Bd2 g3 51.Bc3 a5
52.bxa5 Kxc5 53.a6 Bb6 54.Bd4+ Kb5 55.a7  1-0

[Event "Siembra Villa Ballester op"]
[Site "Villa Ballester"]
[Date "1996.??.??"]
[Round "9"]
[White "Sanchez, Fernando"]
[Black "Fulgenzi, Ernesto"]
[Result "1-0"]
[WhiteElo "2260"]
[BlackElo "2325"]

1.e4 g6 2.d4 Bg7 3.Nc3 c6 4.Be3 d5 5.Nf3 dxe4 6.Nxe4 Bg4 7.Bc4 e6 8.Bf4 b5
9.Bb3 Bh6 10.Nd6+ Kf8 11.Qd2 Bxf3 12.Bxh6+ Nxh6 13.Qxh6+ Ke7 14.Nb7 Qc7 15.Nc5 Bd5
16.Qh4+ Ke8 17.Qf6 Rf8 18.Qg7 Nd7 19.Nxd7 Qxd7 20.O-O Ke7 21.Rfe1 Qd6 22.Bxd5 cxd5
23.Re5 Rae8 24.Rae1 Kd8 25.Qf6+ Qe7 26.Rxd5+ exd5 27.Rxe7 Rxe7 28.Qd6+ Ke8
29.Kf1 Rd7 30.Qe5+ Kd8 31.Qb8+ Ke7 32.Qxb5 Rc8 33.c3 Rcd8 34.Qc5+ Kf6 35.Ke2 Kg7
36.Kd3 h5 37.b3 a6 38.c4 Rd6 39.Kc3 R8d7 40.Qa5 h4 41.c5 Rf6 42.f4 Re7 43.Qd8 Re3+
44.Kb4 Rxf4 45.Qxd5 Ree4 46.Kc4 Re2 47.c6 Rf5 48.Qd7 Rxg2 49.c7 Rxh2 50.c8=Q Rc2+
51.Kd3 Rxc8 52.Qxc8 h3 53.Qb8 Rf2 54.Qe5+ Kg8 55.Qg3 h2 56.Qh3 Rxa2 57.d5 Rb2
58.Kc3 Re2 59.Kd4 Rd2+ 60.Kc5 Rc2+ 61.Kb6 f5 62.d6 Kf7 63.Qh7+ Ke6 64.Qe7+  1-0

[Event "AUT-chT9596"]
[Site "Vorarlberg"]
[Date "1996.??.??"]
[Round "1"]
[White "Mittelberger, Peter"]
[Black "Poettinger, Harald"]
[Result "1/2-1/2"]
[WhiteElo "2225"]
[BlackElo "2245"]

1.e4 g6 2.d4 Bg7 3.Nc3 c6 4.Nf3 d5 5.Be2 Bg4 6.Be3 e6 7.Qd2 Nd7 8.O-O h6
9.Rfe1 Ngf6 10.e5 Ne4 11.Qc1 c5 12.Nxe4 dxe4 13.Nd2 Bxe2 14.Rxe2 cxd4 15.Bxd4 Nxe5
16.Rxe4 Nd3 17.cxd3 Bxd4 18.Nf3 Bg7 19.d4 O-O 20.Qd2 Rc8 21.Re3 Qd5 22.Rc3 Rxc3
23.bxc3 Rc8 24.Qb2 b6 25.h3 e5 26.Nxe5 Bxe5 27.dxe5 Qxe5 28.Rc1 b5 29.Qa3 Qc5
30.Qxc5 Rxc5 31.Kf1  1/2-1/2

[Event "JUG-ch (Women) 3"]
[Site "Vrnjacka Banja"]
[Date "1996.??.??"]
[Round "?"]
[White "Dragovic, Nada"]
[Black "Petrovic, Marija"]
[Result "0-1"]
[WhiteElo "2055"]
[BlackElo "2260"]

1.e4 g6 2.d4 Bg7 3.Nc3 c6 4.g3 d6 5.Bg2 Nf6 6.Nge2 O-O 7.O-O e5 8.dxe5 dxe5
9.Qxd8 Rxd8 10.h3 Na6 11.a3 Be6 12.Be3 Bf8 13.Rfd1 Nd7 14.Kh2 Nb6 15.Rxd8 Rxd8
16.Rd1 Re8 17.Bc1 Nc4 18.Nb1 Bc5 19.b3 Nb6 20.f3 Nc7 21.Bb2 Bc8 22.Nc1 f6
23.h4 a5 24.a4 Ne6 25.Nd3 Rd8 26.c3 Bf8 27.Nf2 Rxd1 28.Nxd1 Nc5 29.Nd2 Bh6
30.Nc4 Nxc4 31.bxc4 Nxa4 32.Ba1 Be6 33.Bf1 Bc1 34.Bd3 Nc5 35.Be2 a4 36.Nb2 a3
37.Nd3 Nxd3 38.Bxd3 Bb2 39.Bxb2 axb2 40.c5 Ba2  0-1

[Event "JUG-chT"]
[Site "Vrnjacka Banja"]
[Date "1996.??.??"]
[Round "?"]
[White "Leskur, Dejan"]
[Black "Nevednichy, Vladislav"]
[Result "0-1"]
[WhiteElo "2295"]
[BlackElo "2505"]

1.e4 g6 2.d4 Bg7 3.Nc3 c6 4.Bc4 d6 5.Qf3 e6 6.Nge2 Nd7 7.a4 Ngf6 8.Ba2 O-O
9.h4 e5 10.Bg5 h6 11.Be3 Qe7 12.h5 exd4 13.Nxd4 Ne5 14.Qe2 Nxh5 15.O-O-O Ng4
16.Kb1 Qf6 17.Rd2 Re8 18.Rhd1 Nxe3 19.fxe3 Ng3 20.Qf3 Qxf3 21.gxf3 Nh5 22.Nde2 Bf8
23.Nd4 Ng7 24.f4 Bg4 25.Rg1 h5 26.a5 a6 27.Rh2 Rad8 28.f5 g5 29.f6 Ne6 30.Nf5 d5
31.exd5 cxd5  0-1

[Event "JUG-chT"]
[Site "Vrnjacka Banja"]
[Date "1996.??.??"]
[Round "?"]
[White "Markovic, Ivan"]
[Black "Notaros, Krasoje"]
[Result "1/2-1/2"]
[WhiteElo "2415"]
[BlackElo "2360"]

1.e4 g6 2.d4 Bg7 3.Nc3 c6 4.Nf3 d6 5.a4 a5 6.h3 Nf6 7.Be3 Na6 8.Be2 O-O 9.O-O Nb4
10.Nd2 d5 11.e5 Ne8 12.Na2 Nxa2 13.Rxa2 f6 14.f4 Nc7 15.Bd3 fxe5 16.fxe5 Be6
17.Ra1 Qd7 18.Rxf8+ Rxf8 19.g4 c5 20.c3 c4 21.Bc2 Na8 22.Kg2 Nb6 23.Nf3 Na8
24.Kg3 Nc7 25.Qd2 Qe8 26.Nh4 Bd7 27.Qe2  1/2-1/2

[Event "JUG-chT"]
[Site "Vrnjacka Banja"]
[Date "1996.??.??"]
[Round "?"]
[White "Saric, Igor"]
[Black "Notaros, Krasoje"]
[Result "1/2-1/2"]
[WhiteElo "2310"]
[BlackElo "2360"]

1.e4 g6 2.d4 Bg7 3.Nc3 c6 4.h3 d6 5.a4 a5 6.Nf3 Nf6 7.Bc4 O-O 8.O-O Na6 9.e5 Ne8
10.Be3 d5 11.Bb3 Nac7 12.Qd2 b6 13.Rfe1 Ne6 14.Rad1 N8c7 15.Bh6 f6 16.exf6 exf6
17.Bxg7 Kxg7 18.Ne2 Qd6 19.c3 Ba6 20.Bc2 Rae8 21.Bd3 Bxd3 22.Qxd3 Re7 23.Qd2 Rfe8
24.Ng3 c5 25.Re3 Kg8 26.Rde1 c4 27.Ne2 Ng7 28.Rxe7 Rxe7 29.Nc1 Rxe1+ 30.Qxe1 Qd7
31.Qd1 Nf5 32.Qc2 Nd6 33.Nd2 Ne6 34.Ne2 Ng5 35.Ng3 Qe8 36.Qd1 h5 37.h4 Ngf7
38.Qf3 Qe6 39.Ndf1 Ne4 40.Ne3 Nfd6 41.Nxe4 Nxe4 42.Qf4 Nd6 43.Qf3 Ne4 44.Qf4 Nd6
45.Qf3  1/2-1/2

[Event "JUG-chT"]
[Site "Vrnjacka Banja"]
[Date "1996.??.??"]
[Round "?"]
[White "Zivkovic, Milan"]
[Black "Dimitrijevic, Milorad"]
[Result "1/2-1/2"]
[WhiteElo "2285"]
[BlackElo "2335"]

1.e4 g6 2.d4 Bg7 3.Nc3 c6 4.Nf3 d6 5.a4 a5 6.Bc4 Na6 7.O-O Nc7 8.Re1 e6 9.Bg5 Ne7
10.Qd2 h6 11.Bh4 O-O 12.Bg3 Ne8 13.Rad1 Bd7 14.h3 Rb8 15.Qe2 b6 16.Nh2 Rb7
17.Ba6 Ra7 18.Bc4 Rb7 19.Ba6 Ra7 20.Bc4 Rb7  1/2-1/2

[Event "Werfen op-B"]
[Site "Werfen"]
[Date "1996.??.??"]
[Round "1"]
[White "Bauernhuber, Reinhard"]
[Black "Hinterhofer, Hubert"]
[Result "0-1"]
[WhiteElo "1630"]
[BlackElo "1830"]

1.e4 g6 2.d4 Bg7 3.Nc3 c6 4.f4 d5 5.e5 h5 6.Nf3 Nh6 7.Bd3 Bg4 8.h3 Bxf3 9.Qxf3 e6
10.Be3 Nf5 11.Bxf5 gxf5 12.O-O-O h4 13.g4 hxg3 14.Qxg3 Bh6 15.h4 Nd7 16.h5 Qe7
17.Qf3 O-O-O 18.Kb1 Rdg8 19.Rdg1 Nb6 20.Ne2 Nc4 21.Bc1 Qb4 22.Qc3 Qxc3 23.Nxc3 Rg4
24.Rxg4 fxg4 25.Ne2 Kd7 26.b3 Nb6 27.a4 Nc8 28.Bd2 Ne7 29.Ng3 b6 30.Kb2 c5
31.dxc5 bxc5 32.c3 Nc6 33.b4 Nxe5 34.b5 Nc4+ 35.Kc2 Nxd2  0-1

[Event "Werfen op-B"]
[Site "Werfen"]
[Date "1996.??.??"]
[Round "5"]
[White "Walitow, Amir"]
[Black "Taschner, Peter"]
[Result "1-0"]
[WhiteElo "1875"]
[BlackElo "1875"]

1.e4 g6 2.d4 Bg7 3.Nc3 c6 4.Bc4 b5 5.Bb3 a5 6.a4 b4 7.Nce2 d6 8.Nf3 Nf6 9.Ng3 Bg4
10.h3 Bxf3 11.Qxf3 e5 12.dxe5 dxe5 13.Bg5 Nbd7 14.Rd1 Ra7 15.Be3 Rb7 16.Bc5 Bf8
17.Bxf8 Kxf8 18.Rd6 Rc7 19.O-O Qe7 20.Rfd1 Kg7 21.Qe3 Ne8 22.R6d2 Nc5 23.Bc4 Rf8
24.b3 Kh8 25.Rd8 Ng7 26.Rxf8+ Qxf8 27.f4 exf4 28.Qxf4 Nce6 29.Qe5 Kg8 30.Qxa5 Qb8
31.Qe5 Qa7+ 32.Kh2 c5 33.Rd6 Re7 34.Qd5 Ne8 35.Rc6 Qb7 36.Ba6 Qa7 37.Bc8 Nf6
38.Qe5 Nd7 39.Qd6 Nb8 40.Rb6 Rc7 41.Bxe6  1-0

[Event "Yerevan ol (Men)"]
[Site "Yerevan"]
[Date "1996.??.??"]
[Round "2"]
[White "Nijboer, Friso"]
[Black "Zilberman, Nathan R"]
[Result "1-0"]
[WhiteElo "2525"]
[BlackElo "2410"]

1.e4 g6 2.d4 Bg7 3.Nc3 c6 4.Bc4 d6 5.Nf3 Nf6 6.Bb3 Bg4 7.Be3 d5 8.h3 Bxf3
9.Qxf3 e6 10.O-O O-O 11.Rad1 h6 12.h4 b5 13.e5 Nfd7 14.h5 g5 15.Ne2 f6 16.exf6 Nxf6
17.Qh3 Qe8 18.Ng3 Nbd7 19.Rfe1 Qf7 20.c3 Ne8 21.Rf1 e5 22.Bc2 Nd6 23.Bg6 Qe7
24.Rde1 e4 25.f3 exf3 26.Bd2 Qd8 27.Qe6+ Nf7 28.Rxf3 Nf6 29.Nf5  1-0

[Event "Yerevan op"]
[Site "Yerevan"]
[Date "1996.??.??"]
[Round "2"]
[White "Gegamian, Argen"]
[Black "Galdunts, Sergey"]
[Result "0-1"]
[WhiteElo "2220"]
[BlackElo "2450"]

1.e4 g6 2.d4 Bg7 3.Nc3 c6 4.Nf3 d6 5.Be2 Nf6 6.h3 O-O 7.O-O Nbd7 8.Be3 b5
9.a3 Qc7 10.d5 a6 11.dxc6 Qxc6 12.Nd5 Re8 13.Nd4 Qb7 14.c4 bxc4 15.Bxc4 e6
16.Nxf6+ Nxf6 17.f3 d5 18.Bd3 dxe4 19.fxe4 Nxe4 20.Rc1 e5 21.Nc6 Ng3 22.Rf2 Be6
23.Qf3 e4 24.Bxe4 Nxe4 25.Qxe4 Bf5 26.Qf4 Rac8 27.Nb4 Rxc1+ 28.Bxc1 Re4 29.Qd6 Re1+
30.Rf1 Qa7+  0-1

[Event "Yerevan ol (Men)"]
[Site "Yerevan"]
[Date "1996.??.??"]
[Round "3"]
[White "Gluckman, David"]
[Black "Mok Tze Meng"]
[Result "1/2-1/2"]
[WhiteElo "2370"]
[BlackElo "2240"]

1.e4 g6 2.d4 Bg7 3.Nc3 c6 4.Nf3 d5 5.h3 Nf6 6.exd5 cxd5 7.Bb5+ Nc6 8.O-O O-O
9.Re1 Bf5 10.Bd3 Bxd3 11.Qxd3 Rc8 12.Re2 e6 13.Bf4 Qb6 14.Qb5 Nxd4 15.Nxd4 Qxd4
16.Be3 Qc4 17.Bxa7 d4 18.Qxc4 Rxc4 19.Nb5 Nd5 20.Rd1 b6 21.b3 Rb4 22.Nd6 Nc3
23.Ree1 Nxd1 24.Rxd1 Rd8 25.a3 Rxb3 26.Nxf7 Kxf7 27.cxb3 e5 28.a4 Rd6 29.b4 Ke6
30.a5 bxa5 31.bxa5 Bf6 32.Kf1 Bd8 33.f4 exf4 34.Bb8 Ra6 35.Rxd4 Bxa5 36.Ra4 Rb6
37.Bxf4  1/2-1/2

[Event "Yerevan ol (Women)"]
[Site "Yerevan"]
[Date "1996.??.??"]
[Round "4"]
[White "Tamin, Upi Darmayana"]
[Black "Safranska, Anda"]
[Result "1/2-1/2"]
[WhiteElo "2175"]
[BlackElo "2270"]

1.e4 g6 2.d4 Bg7 3.Nc3 c6 4.f4 d5 5.e5 Nh6 6.Nf3 f6 7.Be2 O-O 8.O-O a5 9.Kh1 b5
10.a4 b4 11.Nb1 Bg4 12.Nbd2 fxe5 13.fxe5 c5 14.Ng5 Bxe2 15.Qxe2 Nc6 16.Ndf3 Qd7
17.Be3 cxd4 18.Bxd4 Nf5 19.Bf2 h6 20.e6 Qb7 21.Nf7 Kh7 22.Rad1 d4 23.Qe4  1/2-1/2

[Event "Yerevan ol (Men)"]
[Site "Yerevan"]
[Date "1996.??.??"]
[Round "4"]
[White "Odeev, Handszar"]
[Black "Komliakov, Viktor"]
[Result "1-0"]
[WhiteElo "2410"]
[BlackElo "2450"]

1.e4 g6 2.d4 Bg7 3.Nc3 c6 4.Be3 Qb6 5.Rb1 d6 6.Be2 Nd7 7.Qd2 Qc7 8.f4 b5
9.Nh3 Nb6 10.Nf2 Nf6 11.O-O h5 12.h3 h4 13.b3 d5 14.e5 Ng8 15.Ng4 Bf5 16.Bd3 e6
17.Bxf5 gxf5 18.Nh2 Ne7 19.Nf3 Ng6 20.a4 a6 21.Ra1 Bf8 22.axb5 axb5 23.Rxa8+ Nxa8
24.Ra1 Nb6 25.Ne2 Be7 26.Ra6 Kd7 27.Qa5 Rb8 28.Nc1 Nc8 29.Qa1 Rb6 30.Ra8 Rb7
31.Nd3 Ra7 32.Rxa7 Qxa7 33.Qxa7+ Nxa7 34.Bd2 Nc8 35.Kf2 Bd8 36.Ke3 Ke8 37.Be1 Be7
38.Ba5 f6 39.Be1 fxe5 40.fxe5 Nb6 41.Nf4 Nxf4 42.Kxf4 c5 43.Bxh4 Bxh4 44.Nxh4 c4
45.Nf3 b4 46.Ng5 Ke7 47.h4 Na8 48.h5 Nc7 49.h6 Kf8 50.g4 fxg4 51.Kxg4 Nb5
52.Nxe6+ Kg8 53.Kh5  1-0